| 000 | 01448nam a2200361 a 4500 | ||
|---|---|---|---|
| 001 | 000111358 | ||
| 003 | CHAP | ||
| 005 | 20220329144208.0 | ||
| 008 | 150330s2015 mx sm |||||||spa d | ||
| 010 | _a107820 | ||
| 011 | _a108792 | ||
| 040 | _cCHAP | ||
| 090 | _aTesis | ||
| 100 | 1 |
_aCarrillo Hernández, Anabeli Ivett _9129205 |
|
| 245 | 1 | 0 |
_aEstudio de factibilidad tecnico-economico y manual de buenas practicas de manufactura para el establecimiento de una planta procesadora de sabila (Aloe vera L.) en Romita, Guanajuato _g[En línea] _cpor Anabeli Ivett Carrillo Hernández y Armando Jiménez Sánchez. |
| 260 |
_aChapingo, Méx. : _bEl autor, _c2015. |
||
| 500 | _aPara ver el contenido del material haga clic en la liga | ||
| 502 | _aTesis (Ing. Agr. Esp. en Agroindustrial)-- UACH. Departamento de Ingeniería Agroindustrial | ||
| 590 |
_aBATCH _b00 _c20181121 _lUCH01 _h0759 |
||
| 590 |
_aE5765TAJ _b05 _c20150330 _lUCH01 _h1214 |
||
| 590 |
_aE5765TAJ _b05 _c20150330 _lUCH01 _h1214 |
||
| 590 |
_aE5765TAJ _b05 _c20150414 _lUCH01 _h1002 |
||
| 650 | 1 | 4 |
_aAloe vera _xProcesado. _9129207 |
| 650 | 1 | 4 |
_aEstudios de factibilidad. _938520 |
| 650 | 1 | 4 |
_aExtractos vegetales. _939214 |
| 650 | 1 | 4 |
_aProyectos industriales. _992531 |
| 700 | 1 |
_aJiménez Sánchez, Armando _9129206 |
|
| 856 |
_a1 _n0001338 |
||
| 856 |
_aFinding aid _uhttp://10.13.5.2/tesis/sist111358.pdf _zTeclea aquí |
||
| 901 | _aBK | ||
| 942 | _cTESIS | ||
| 942 | _n0 | ||
| 999 |
_c107820 _d107820 |
||